书目信息 |
| 题名: |
买房不上当
|
|
| 作者: | 兆友 编著 | |
| 分册: | ||
| 出版信息: | 北京 中国建材工业出版社 2006 |
|
| 页数: | 248页 | |
| 开本: | 23cm | |
| 丛书名: | “生活不上当”系列精品丛书 | |
| 单 册: | ||
| 中图分类: | F299.233.5 | |
| 科图分类: | ||
| 主题词: | 住宅--选购--基本知识--中国 , 住宅 , 选购 | |
| 电子资源: | ||
| ISBN: | 7-80227-125-8 | |
| 000 | 00922oam2 2200277 450 | |
| 001 | 1257059843 | |
| 005 | 20121004155152.03 | |
| 010 | @a7-80227-125-8@dCNY30.00 | |
| 100 | @a20060518d2006 em y0chiy50 ea | |
| 101 | 0 | @achi |
| 102 | @aCN@b110000 | |
| 105 | @aa z 000yy | |
| 200 | 1 | @a买房不上当@Amai fang bu shang dang@e轻松买房全程指南@f兆友编著 |
| 210 | @a北京@c中国建材工业出版社@d2006 | |
| 215 | @a248页@c图@d23cm | |
| 225 | 2 | @a“生活不上当”系列精品丛书 |
| 330 | @a本书介绍了在买房过程中可能接触到的各方面知识和需要注意的要点,内容涉及看房、选房、贷款、过户、入住等方面。 | |
| 461 | 0 | @12001 @a“生活不上当”系列精品丛书 |
| 517 | 1 | @a轻松买房全程指南@Aqing song mai fang quan cheng zhi nan |
| 606 | 0 | @a住宅@x选购@x基本知识@y中国 |
| 606 | 0 | @a住宅 |
| 606 | 0 | @a选购 |
| 690 | @aF299.233.5@v4 | |
| 701 | 0 | @a兆友@Azhao you@4编著 |
| 801 | 0 | @aCN@bNLC@c20101222 |
| 905 | @a10447@dF299.233.5@eJY109 | |
| 买房不上当:轻松买房全程指南/兆友编著.-北京:中国建材工业出版社,2006 |
| 248页:图;23cm.-(“生活不上当”系列精品丛书) |
| ISBN 7-80227-125-8:CNY30.00 |
| 本书介绍了在买房过程中可能接触到的各方面知识和需要注意的要点,内容涉及看房、选房、贷款、过户、入住等方面。 |
| ● |
| 相关链接 |
|
|
|
|
正题名:买房不上当
索取号:F299.233.5/JY109
 
预约/预借
| 序号 | 登录号 | 条形码 | 馆藏地/架位号 | 状态 | 备注 |
| 1 | 7813725 | 278137259 | 学院路分馆/ [索取号:F299.233.5/JY109] | 在馆 | |
| 2 | 7813726 | 278137268 | 学院路分馆/ [索取号:F299.233.5/JY109] | 在馆 |